| 000 | 00469nam a2200193Ia 4500 | ||
|---|---|---|---|
| 999 |
_c950 _d950 |
||
| 003 | 0100 | ||
| 008 | 130227s9999 xx 000 0 und d | ||
| 040 | _cARRUPELIB | ||
| 050 | _aJQ1872.A53 1965 | ||
| 100 |
_aAdam, Thomas Ritchie _943030 |
||
| 245 |
_aGovernment and politics in Africa South of Sahara _c/ by Thomas Adam |
||
| 260 | _aNew York | ||
| 260 | _bRandom House | ||
| 300 | _a176p. | ||
| 300 | _b 19cm. | ||
| 650 |
_bReconciliation (Theology) _943031 |
||
| 942 |
_2lcc _01 _cMONOGRAPH |
||